[Event "Varennes"]
[Site "Varennes CAN"]
[Date "2016.10.09"]
[Round "5.14"]
[White "Langlois-Remillard, Alexis"]
[Black "Leger, Manon"]
[Result "1-0"]
[WhiteElo "1954"]
[BlackElo "1883"]
[PlyCount "61"]
[EventDate "2016.10.07"]
[EventType "swiss"]
[EventRounds "5"]
[EventCountry "CAN"]

1. b3 d5 2. Bb2 c5 3. e3 Nc6 4. Bb5 a6 5. Bxc6+ bxc6 6. Nf3 Bg4 7. h3 Bh5 8. g4
Bg6 9. Ne5 Qc7 10. Qe2 Nf6 11. Nxg6 hxg6 12. f4 Ne4 13. Qg2 e6 14. d3 Qa5+ 15.
c3 Nd6 16. Nd2 Nb5 17. Nc4 Qd8 18. Ne5 Qh4+ 19. Ke2 Rc8 20. c4 Nd6 21. Rac1 g5
22. Nf3 Qh6 23. fxg5 Qh7 24. h4 Be7 25. h5 f6 26. h6 O-O 27. Qh2 e5 28. gxf6
gxf6 29. g5 fxg5 30. Qxe5 Nf5 31. Qe6+ 1-0

[Event "Varennes"]
[Site "Varennes CAN"]
[Date "2016.10.09"]
[Round "5.15"]
[White "Dube, Daniel"]
[Black "Gauthier, Denis"]
[Result "0-1"]
[WhiteElo "1835"]
[BlackElo "1983"]
[PlyCount "120"]
[EventDate "2016.10.07"]
[EventType "swiss"]
[EventRounds "5"]
[EventCountry "CAN"]

1. e4 c5 2. Nf3 e6 3. d4 cxd4 4. Nxd4 Nc6 5. Nc3 Qc7 6. Qd3 a6 7. Nxc6 bxc6 8.
Qg3 e5 9. f4 d6 10. fxe5 dxe5 11. Bc4 Be6 12. Bxe6 fxe6 13. Qg4 Qe7 14. Qh5+ g6
15. Qxe5 Bg7 16. Qg5 Bf6 17. Qa5 Bd4 18. Bg5 Bf6 19. Bxf6 Nxf6 20. O-O-O O-O
21. e5 Nd5 22. Ne4 Ne3 23. Rd3 Nd5 24. Qc5 Qh4 25. Nf6+ Nxf6 26. exf6 Qf4+ 27.
Kb1 Qxf6 28. Rf3 Qh4 29. Rxf8+ Rxf8 30. Qxc6 Qxh2 31. Qxe6+ Kh8 32. Qh3 Qc7 33.
Qc3+ Qxc3 34. bxc3 Rf2 35. Rg1 h5 36. Kb2 Kg7 37. c4 Kf6 38. Kc3 Ke5 39. Re1+
Kd6 40. Rd1+ Kc6 41. Rg1 h4 42. Kd3 Kc5 43. a3 g5 44. c3 g4 45. Rh1 Rxg2 46.
Rxh4 Rg3+ 47. Kc2 Kxc4 48. Rh2 Rxc3+ 49. Kb2 Rb3+ 50. Ka2 Rb6 51. Rg2 Rg6 52.
Kb2 g3 53. Kc2 a5 54. Kb2 Kd3 55. Kb3 Rg4 56. a4 Ke3 57. Kc2 Kf3 58. Rg1 g2 59.
Kd2 Kf2 60. Rd1 Rd4+ 0-1

[Event "Vendredi 2016.01.22"]
[Site "Montreal CAN"]
[Date "2016.01.22"]
[Round "1"]
[White "Gauthier, Denis"]
[Black "Yu, Zong Yang"]
[Result "0-1"]
[WhiteElo "1946"]
[BlackElo "2402"]
[PlyCount "38"]
[EventDate "2016.01.22"]
[EventType "tourn"]
[EventRounds "3"]
[EventCountry "CAN"]

1. d4 Nf6 2. c4 g6 3. Nc3 Bg7 4. e4 d6 5. Bd3 O-O 6. Nge2 e5 7. O-O c6 8. Bc2
Nbd7 9. h3 exd4 10. Nxd4 Re8 11. Re1 Qb6 12. Nb3 Ne5 13. Be3 c5 14. Qe2 Be6 15.
Nd5 Nxd5 16. exd5 Bd7 17. f4 Nxc4 18. Qxc4 Bb5 19. Bxc5 dxc5 0-1

[Event "Vendredi 2016.01.22"]
[Site "Montreal CAN"]
[Date "2016.01.29"]
[Round "2"]
[White "Gauthier, Denis"]
[Black "Leveille, Francois"]
[Result "0-1"]
[WhiteElo "1946"]
[BlackElo "2347"]
[PlyCount "134"]
[EventDate "2016.01.22"]
[EventType "tourn"]
[EventRounds "3"]
[EventCountry "CAN"]

1. d4 Nf6 2. c4 g6 3. Nc3 Bg7 4. e4 d6 5. Bd3 O-O 6. Nge2 c5 7. d5 e6 8. O-O
exd5 9. cxd5 Ng4 10. f4 c4 11. Bxc4 Qb6+ 12. Kh1 Nf2+ 13. Rxf2 Qxf2 14. Nb5 Qb6
15. Qd3 a6 16. Be3 Qd8 17. Nbd4 Nd7 18. Ne6 fxe6 19. dxe6 Kh8 20. exd7 Bxd7 21.
Qxd6 Rc8 22. Bb3 Bg4 23. Qxd8 Rcxd8 24. Nc3 Rd3 25. Re1 Rxe3 26. Rxe3 Rxf4 27.
Re1 Rf2 28. h3 Bc8 29. e5 Bd7 30. e6 Be8 31. Ne4 Rxb2 32. Nd6 Bc6 33. e7 Bxg2+
34. Kh2 Be4+ 35. Kg3 Be5+ 36. Kh4 g5+ 37. Kh5 Bg6+ 38. Kg4 h5+ 39. Kf3 Bxd6 40.
e8=Q+ Bxe8 41. Rxe8+ Kg7 42. Rd8 Rd2 43. Rd7+ Kf6 44. Rxb7 Rd3+ 45. Ke4 Rxh3
46. Rb6 Ke7 47. Rxa6 g4 48. Ra7+ Kd8 49. Be6 Bc7 50. Ra8+ Ke7 51. Bf5 Rf3 52.
Bc8 Rf4+ 53. Ke3 Kf6 54. Ra6+ Kg5 55. Rc6 Rf3+ 56. Ke4 Bf4 57. Rc5+ Kh4 58. a4
Bg5 59. a5 Rf4+ 60. Kd3 Ra4 61. a6 g3 62. Bb7 Bd8 63. Rd5 Bb6 64. Rb5 Ba7 65.
Rb2 Kg4 66. Bc8+ Kf4 67. Ke2 g2 0-1

[Event "Vendredi 2016.01.22"]
[Site "Montreal CAN"]
[Date "2016.02.05"]
[Round "3"]
[White "Leveille, Francois"]
[Black "Yu, Zong Yang"]
[Result "1-0"]
[WhiteElo "2347"]
[BlackElo "2402"]
[PlyCount "33"]
[EventDate "2016.01.22"]
[EventType "tourn"]
[EventRounds "3"]
[EventCountry "CAN"]

1. e4 c5 2. Nf3 e6 3. d4 cxd4 4. Nxd4 a6 5. Bd3 Nf6 6. O-O Qc7 7. Nc3 d6 8. Qe2
Be7 9. Kh1 Nbd7 10. f4 Nc5 11. e5 dxe5 12. fxe5 Nfd7 13. Bf4 b5 14. Nd5 exd5
15. e6 Qb6 16. exf7+ Kxf7 17. Bd6+ 1-0

[Event "Vendredi 2016.10.14 AB"]
[Site "Montreal CAN"]
[Date "2016.10.14"]
[Round "1"]
[White "Yu, Zong Yang"]
[Black "Chabot, Roland"]
[Result "1-0"]
[WhiteElo "2457"]
[BlackElo "2230"]
[PlyCount "75"]
[EventDate "2016.10.14"]
[EventType "tourn"]
[EventRounds "3"]
[EventCountry "CAN"]

1. Nf3 d6 2. c4 e5 3. Nc3 Nf6 4. d4 Nbd7 5. Bg5 Be7 6. e3 O-O 7. Be2 h6 8. Bh4
c6 9. O-O g5 10. Bg3 Nh5 11. dxe5 Nxg3 12. hxg3 dxe5 13. Qc2 Qc7 14. Bd3 Nc5
15. Bf5 Ne6 16. g4 Bd7 17. Rad1 Rad8 18. Qe4 Bf6 19. b4 Rfe8 20. c5 a5 21. a3
axb4 22. axb4 b6 23. cxb6 Qxb6 24. Qc4 Bc8 25. Ne4 Be7 26. Rxd8 Rxd8 27. Nxe5
Ba6 28. Qb3 Qb5 29. Ra1 Qxe5 30. Rxa6 Ng7 31. Ng3 Qb5 32. Bg6 Ne6 33. Ra7 Kf8
34. Nf5 Qd5 35. Qb2 Qd1+ 36. Kh2 Bd6+ 37. g3 Bxg3+ 38. Nxg3 1-0

[Event "Vendredi 2016.10.14 AB"]
[Site "Montreal CAN"]
[Date "2016.10.21"]
[Round "2"]
[White "Chabot, Roland"]
[Black "Leveille, Francois"]
[Result "0-1"]
[WhiteElo "2230"]
[BlackElo "2336"]
[PlyCount "80"]
[EventDate "2016.10.14"]
[EventType "tourn"]
[EventRounds "3"]
[EventCountry "CAN"]

1. d4 Nf6 2. c4 g6 3. Nc3 Bg7 4. e4 d6 5. f4 O-O 6. Nf3 c5 7. d5 e6 8. dxe6
fxe6 9. Bd3 Nc6 10. O-O Nd4 11. Nxd4 cxd4 12. Nb5 e5 13. Qb3 Kh8 14. Qb4 Nh5
15. f5 gxf5 16. exf5 e4 17. Bxe4 Be5 18. f6 a6 19. Na3 Nxf6 20. Bg5 Rg8 21.
Bxf6+ Bxf6 22. Qd2 Qe7 23. Bd5 Be6 24. Bxb7 Qxb7 25. Rxf6 Rxg2+ 26. Qxg2 Rg8
27. Rf2 Bh3 28. Qxg8+ Kxg8 29. Rd1 Qe4 30. Rc1 Qe3 31. Rd1 d3 32. Nb1 Bg4 33.
Rdf1 Be2 34. Re1 Kg7 35. b4 Kh6 36. a4 Qd4 37. Nd2 Qc3 38. Rfxe2 dxe2 39. Rxe2
Qxb4 40. Rg2 Qxa4 0-1

[Event "Vendredi 2016.10.14 AB"]
[Site "Montreal CAN"]
[Date "2016.10.28"]
[Round "3"]
[White "Lamoureux, Yvon"]
[Black "Dumouchel, Alain"]
[Result "0-1"]
[WhiteElo "1719"]
[BlackElo "1784"]
[PlyCount "34"]
[EventDate "2016.10.14"]
[EventType "tourn"]
[EventRounds "3"]
[EventCountry "CAN"]

1. e4 e5 2. Nf3 Nc6 3. Bb5 Bc5 4. c3 f5 5. d3 Nf6 6. Bg5 fxe4 7. dxe4 Bxf2+ 8.
Kxf2 Nxe4+ 9. Kg1 Nxg5 10. Bxc6 bxc6 11. Nxe5 Qf6 12. Ng4 Qe7 13. Nd2 Qc5+ 14.
Nf2 O-O 15. Qe2 Ba6 16. c4 Rae8 17. Nb3 Rxe2 0-1

[Event "Vendredi 2016.10.14 AB"]
[Site "Montreal CAN"]
[Date "2016.10.28"]
[Round "3"]
[White "Leveille, Francois"]
[Black "Yu, Zong Yang"]
[Result "0-1"]
[WhiteElo "2336"]
[BlackElo "2457"]
[PlyCount "126"]
[EventDate "2016.10.14"]
[EventType "tourn"]
[EventRounds "3"]
[EventCountry "CAN"]

1. Nf3 Nf6 2. c4 e6 3. g3 d5 4. Bg2 dxc4 5. O-O Nbd7 6. Na3 Bxa3 7. bxa3 c5 8.
Qa4 a6 9. Qxc4 b5 10. Qh4 Bb7 11. Bb2 O-O 12. d3 Re8 13. Rfc1 Rc8 14. a4 b4 15.
Nd2 Bxg2 16. Kxg2 Qa5 17. a3 e5 18. Nc4 Qxa4 19. axb4 Qc6+ 20. e4 cxb4 21. Nxe5
Qd6 22. Nxd7 Nxd7 23. Qg5 f6 24. Qe3 Nc5 25. Rd1 Nb3 26. Rab1 Qe6 27. Re1 Rc2
28. Re2 Rxe2 29. Qxe2 a5 30. Bc1 Nc5 31. Bf4 b3 32. Qe3 Na4 33. d4 b2 34. d5
Qxe4+ 35. Qxe4 Rxe4 36. Bc7 Kf7 37. Bxa5 Rd4 38. Rxb2 Nxb2 39. Bc3 Rxd5 40.
Bxb2 Rd3 41. h4 h5 42. Bc1 Ke6 43. Bf4 Kf5 44. Bb8 Kg4 45. Ba7 Rf3 46. Bb6 Rd3
47. Ba7 g5 48. hxg5 Kxg5 49. Kh3 Rd7 50. Be3+ Kf5 51. Bb6 Ke4 52. Kg2 Rd5 53.
Be3 Rf5 54. Bb6 Kd3 55. Ba7 Ke2 56. Bb6 Rg5 57. Bd8 Rg6 58. Bc7 h4 59. Kh3 hxg3
60. fxg3 Kf3 61. Bf4 Rg7 62. Kh2 Rh7+ 63. Kg1 Rh3 0-1

[Event "Vendredi 2016.11.11 A"]
[Site "Montreal CAN"]
[Date "2016.11.18"]
[Round "2"]
[White "Leveille, Francois"]
[Black "Yu, Zong Yang"]
[Result "1/2-1/2"]
[WhiteElo "2331"]
[BlackElo "2466"]
[PlyCount "104"]
[EventDate "2016.11.11"]
[EventType "tourn"]
[EventRounds "3"]
[EventCountry "CAN"]

1. e4 c6 2. d4 d5 3. e5 Bf5 4. Nf3 e6 5. Be2 c5 6. Be3 cxd4 7. Nxd4 Ne7 8. Nd2
Nbc6 9. N2f3 Be4 10. O-O Nf5 11. Nxf5 Bxf5 12. c4 dxc4 13. Qa4 a6 14. Rfd1 Qa5
15. Qxc4 Be7 16. a3 Rd8 17. Rxd8+ Qxd8 18. Rd1 Qb8 19. Nd4 O-O 20. Nxc6 bxc6
21. Rd7 Bd8 22. Bc5 Re8 23. Qd4 f6 24. Bd6 Bb6 25. exf6 Bxd4 26. f7+ Kh8 27.
Bxb8 Rxb8 28. Rxd4 g5 29. Rb4 Rd8 30. Rd4 Rb8 31. Bxa6 Kg7 32. g4 Bc2 33. b4
Kxf7 34. Bc4 Ke7 35. f3 Ra8 36. Rd2 Bb1 37. Rb2 Bg6 38. Rb3 e5 39. Kf2 Kd6 40.
Ke3 h6 41. Rc3 Be8 42. Bd3 Bf7 43. Bc2 Bd5 44. Bf5 Ra7 45. Kd2 Rf7 46. Kc2 Rf8
47. Kb2 h5 48. a4 hxg4 49. Bxg4 Rf4 50. Ka3 Rd4 51. Bf5 Rd2 52. Rc2 Rd1 1/2-1/2

[Event "Victoria op Premier"]
[Site "Victoria CAN"]
[Date "2016.01.15"]
[Round "1"]
[White "O'Brien, Frank"]
[Black "Huang, Patrick"]
[Result "1-0"]
[WhiteElo "1756"]
[BlackElo "1683"]
[PlyCount "85"]
[EventDate "2016.01.15"]
[EventType "swiss"]
[EventRounds "5"]
[EventCountry "CAN"]

1. d4 Nf6 2. Bg5 Ne4 3. Bf4 d5 4. e3 e6 5. Nf3 c5 6. c3 Nc6 7. Bd3 Nf6 8. Nbd2
Be7 9. O-O a6 10. Re1 b5 11. Ne5 Nxe5 12. Bxe5 Bd6 13. Nf3 Ng4 14. Bxd6 Qxd6
15. h3 Nf6 16. Ne5 Nd7 17. Nxd7 Bxd7 18. Qh5 c4 19. Bc2 g6 20. Qg5 Qe7 21. Qf4
O-O-O 22. b3 g5 23. Qg3 h5 24. a4 f5 25. axb5 Bxb5 26. bxc4 dxc4 27. Ba4 h4 28.
Qf3 Qb7 29. Bxb5 axb5 30. Reb1 Rd5 31. e4 fxe4 32. Qxe4 Kd7 33. Re1 Re8 34. Ra5
Qb6 35. Rea1 Rb8 36. Ra6 Qb7 37. Ra7 b4 38. Rxb7+ Rxb7 39. Qh7+ Kc6 40. Qg8 b3
41. Qxe6+ Rd6 42. Ra6+ Kb5 43. Qxd6 1-0

[Event "Victoria op Premier"]
[Site "Victoria CAN"]
[Date "2016.01.16"]
[Round "2"]
[White "Leblanc, Paul"]
[Black "McNichol, Paul"]
[Result "0-1"]
[WhiteElo "1728"]
[BlackElo "1691"]
[PlyCount "56"]
[EventDate "2016.01.15"]
[EventType "swiss"]
[EventRounds "5"]
[EventCountry "CAN"]

1. d4 Nf6 2. c4 g6 3. Nf3 d5 4. Nc3 Bg7 5. cxd5 Nxd5 6. e4 Nxc3 7. bxc3 O-O 8.
Be2 c5 9. Rb1 Nc6 10. Be3 cxd4 11. Nxd4 Na5 12. O-O b6 13. Qc2 e6 14. Rfd1 Qe7
15. Nb3 Nc6 16. a4 Rd8 17. Nd4 Bb7 18. Bb5 Rac8 19. Nxc6 Rxd1+ 20. Rxd1 Bxc6
21. Bd4 Bxb5 22. Bxg7 Bxa4 23. Qxa4 Kxg7 24. Rd7 Rxc3 25. g3 Ra3 26. Qd4+ Qf6
27. Qb4 Ra2 28. f4 Qa1+ 0-1

[Event "Victoria op Premier"]
[Site "Victoria CAN"]
[Date "2016.01.16"]
[Round "3"]
[White "Kagaoan, Jose"]
[Black "Brown, Rod"]
[Result "1-0"]
[WhiteElo "1953"]
[BlackElo "1866"]
[PlyCount "107"]
[EventDate "2016.01.15"]
[EventType "swiss"]
[EventRounds "5"]
[EventCountry "CAN"]

1. d4 d5 2. e3 Nf6 3. Bd3 Bg4 4. f3 Bh5 5. c4 e6 6. Qb3 Qc8 7. Nc3 c6 8. Nge2
Bg6 9. e4 dxc4 10. Bxc4 Nbd7 11. Bf4 Nb6 12. Rc1 Nxc4 13. Qxc4 Qd7 14. O-O Be7
15. Rfd1 O-O 16. d5 exd5 17. exd5 Rfc8 18. d6 Bd8 19. Kh1 Bb6 20. Be5 Re8 21.
Bxf6 gxf6 22. Ng3 f5 23. Na4 Re5 24. b4 Rae8 25. Nc5 Bxc5 26. bxc5 b5 27. Qf4
Kg7 28. Qg5 Qd8 29. Nh5+ Kh8 30. Qf6+ Qxf6 31. Nxf6 Rd8 32. Re1 Re6 33. d7 Kg7
34. Ne8+ Kf8 35. Red1 Ke7 36. Nc7 Re2 37. Nd5+ cxd5 38. c6 Rxd7 39. cxd7 Kxd7
40. Rxd5+ Ke6 41. Rxb5 Rxa2 42. Kg1 f4 43. Rb4 a5 44. Rxf4 a4 45. h4 Bc2 46.
Re1+ Kd5 47. Rxf7 Rb2 48. Ra7 Kc4 49. Re4+ Kc3 50. Raxa4 Bxa4 51. Rxa4 Rb7 52.
Kf2 Kd3 53. Re4 Rg7 54. Re6 1-0

[Event "Victoria op Premier"]
[Site "Victoria CAN"]
[Date "2016.01.16"]
[Round "3"]
[White "McNichol, Paul"]
[Black "Sali, Zulfikar"]
[Result "0-1"]
[WhiteElo "1691"]
[BlackElo "2105"]
[PlyCount "46"]
[EventDate "2016.01.15"]
[EventType "swiss"]
[EventRounds "5"]
[EventCountry "CAN"]

1. e4 c5 2. Nf3 d6 3. d4 cxd4 4. Nxd4 Nf6 5. Nc3 a6 6. f3 e5 7. Nb3 Be6 8. Be3
Nbd7 9. Qd2 b5 10. O-O-O Rc8 11. g4 Nb6 12. h4 Qc7 13. Kb1 Be7 14. Bd3 Nc4 15.
Bxc4 bxc4 16. Nc1 Rb8 17. Nd5 Bxd5 18. exd5 c3 19. Qd3 Rxb2+ 20. Ka1 Qa5 21.
Bd2 Qb4 22. Nb3 Qa3 23. Nc1 Rb1+ 0-1

[Event "Victoria op Premier"]
[Site "Victoria CAN"]
[Date "2016.01.17"]
[Round "4"]
[White "Cordon, Ian"]
[Black "Kagaoan, Jose"]
[Result "0-1"]
[WhiteElo "2041"]
[BlackElo "1953"]
[PlyCount "68"]
[EventDate "2016.01.15"]
[EventType "swiss"]
[EventRounds "5"]
[EventCountry "CAN"]

1. c4 b6 2. Nc3 e6 3. e4 Bb7 4. g3 d6 5. Bg2 g6 6. Nge2 Bg7 7. d3 Ne7 8. O-O
O-O 9. Qc2 c5 10. a3 Nbc6 11. Be3 Nd4 12. Qd1 d5 13. Rb1 Rc8 14. Re1 Nxe2+ 15.
Nxe2 d4 16. Bd2 Qd7 17. b4 e5 18. Qb3 Bc6 19. Rb2 Qd6 20. a4 f5 21. b5 Bd7 22.
f4 fxe4 23. Bxe4 Bf5 24. fxe5 Bxe5 25. Nf4 g5 26. Ng2 Bxg3 27. hxg3 Qxg3 28.
Bc1 Ng6 29. Qc2 Bxe4 30. Rxe4 Nh4 31. Rxh4 gxh4 32. Qd2 h3 33. Qh6 h2+ 34. Qxh2
Rf1+ 0-1

[Event "Victoria op Premier"]
[Site "Victoria CAN"]
[Date "2016.01.17"]
[Round "4"]
[White "Marshall, Jim"]
[Black "Cronin, Kent"]
[Result "1-0"]
[WhiteElo "1700"]
[BlackElo "1729"]
[PlyCount "55"]
[EventDate "2016.01.15"]
[EventType "swiss"]
[EventRounds "5"]
[EventCountry "CAN"]

1. b3 d6 2. Bb2 e5 3. e3 Nc6 4. Bb5 Bd7 5. Nf3 a6 6. Bxc6 Bxc6 7. d3 f5 8. Nbd2
Nf6 9. Qe2 Be7 10. e4 Qd7 11. O-O-O fxe4 12. dxe4 Qe6 13. Rhe1 h6 14. h3 O-O-O
15. Nh4 Nxe4 16. Nxe4 Bxh4 17. g3 Be7 18. f4 exf4 19. Nxd6+ Qxd6 20. Rxd6 Bxd6
21. gxf4 Bxf4+ 22. Kb1 Rhg8 23. Qg4+ Kb8 24. Qxf4 g5 25. Qf7 Rdf8 26. Qh5 Rf2
27. Qxh6 g4 28. hxg4 1-0

[Event "Victoria op Premier"]
[Site "Victoria CAN"]
[Date "2016.01.17"]
[Round "4"]
[White "Sali, Zulfikar"]
[Black "O'Brien, Frank"]
[Result "1-0"]
[WhiteElo "2105"]
[BlackElo "1756"]
[PlyCount "53"]
[EventDate "2016.01.15"]
[EventType "swiss"]
[EventRounds "5"]
[EventCountry "CAN"]

1. e4 e5 2. Nf3 Nc6 3. Bc4 Nf6 4. d4 exd4 5. O-O Nxe4 6. Re1 d5 7. Bxd5 Qxd5 8.
Nc3 Qa5 9. Nxe4 Be6 10. Bd2 Qd5 11. Bg5 Bd6 12. Qd2 O-O 13. a3 Rae8 14. h3 Bxh3
15. c4 Qf5 16. Nh4 Qc8 17. c5 Be7 18. Bxe7 Rxe7 19. gxh3 Qxh3 20. Qg5 f5 21.
Nd2 Re5 22. Rxe5 Nxe5 23. Re1 Ng4 24. Nhf3 Rf6 25. Re8+ Kf7 26. Rc8 h6 27.
Rxc7+ 1-0

[Event "Victoria op Premier"]
[Site "Victoria CAN"]
[Date "2016.01.17"]
[Round "5"]
[White "Sali, Zulfikar"]
[Black "Geng, Matthew"]
[Result "1-0"]
[WhiteElo "2105"]
[BlackElo "1691"]
[PlyCount "69"]
[EventDate "2016.01.15"]
[EventType "swiss"]
[EventRounds "5"]
[EventCountry "CAN"]

1. e4 c5 2. Nf3 d6 3. d4 cxd4 4. Nxd4 Nf6 5. Nc3 a6 6. Bc4 e6 7. Bb3 Nbd7 8.
Be3 Nc5 9. f3 Be7 10. Qd2 O-O 11. O-O-O Qc7 12. Kb1 Bd7 13. g4 b5 14. g5 Nh5
15. Nce2 a5 16. c3 Nxb3 17. Nxb3 e5 18. Ng3 g6 19. Nxh5 gxh5 20. Rhg1 Be6 21.
f4 exf4 22. Bxf4 Qc4 23. Qe3 a4 24. Nc1 Rad8 25. Rd4 Qc6 26. Rgd1 a3 27. b3 Rd7
28. Ne2 Rc8 29. R1d3 d5 30. exd5 Bxd5 31. Ng3 Bc5 32. Nxh5 Kf8 33. Nf6 Re7 34.
Qh3 Be4 35. Qh6# 1-0

[Event "Victoria op Scheveningen"]
[Site "Victoria CAN"]
[Date "2016.01.15"]
[Round "1.1"]
[White "Sohal, Tanraj"]
[Black "Cao, Jason"]
[Result "1-0"]
[WhiteElo "2358"]
[BlackElo "2399"]
[PlyCount "113"]
[EventDate "2016.01.15"]
[EventType "schev"]
[EventRounds "5"]
[EventCountry "CAN"]

1. e4 c5 2. Nf3 d6 3. d4 cxd4 4. Qxd4 Nc6 5. Bb5 Bd7 6. Qd3 Nf6 7. c4 g6 8. Nc3
Bg7 9. O-O O-O 10. h3 a6 11. Bxc6 Bxc6 12. Be3 Nd7 13. Nd4 Nc5 14. Qc2 Rc8 15.
Rfd1 Bd7 16. Rac1 Ne6 17. Nd5 Nxd4 18. Bxd4 Bxd4 19. Rxd4 Be6 20. Qd2 Bxd5 21.
exd5 Qd7 22. Qh6 f6 23. Re4 Rc7 24. Rce1 Rf7 25. Qe3 b5 26. b3 bxc4 27. Rxc4
Rxc4 28. bxc4 Qc7 29. Qe4 Qa5 30. Re2 Qb6 31. h4 Kg7 32. Kh2 Qb4 33. Qd3 Qc5
34. Re3 Qc8 35. Qe2 Qc7 36. Ra3 Qb7 37. Rb3 Qc7 38. Re3 Qd7 39. Rh3 Qf5 40. Re3
Qd7 41. Re6 Qb7 42. Qe4 Qa7 43. Qe3 Qc7 44. Qd4 Qb8 45. Re3 Qc8 46. Ra3 Kg8 47.
Rb3 Rf8 48. Rb6 Rd8 49. Rc6 Qb7 50. Qe4 Kg7 51. Rxa6 Qxa6 52. Qxe7+ Kh6 53.
Qxd8 Qxc4 54. Qf8+ Kh5 55. Qxf6 Qxd5 56. f3 Qd2 57. Kh3 1-0

[Event "Victoria op Scheveningen"]
[Site "Victoria CAN"]
[Date "2016.01.15"]
[Round "1.2"]
[White "Yoos, John"]
[Black "Gansvind, Valeriya"]
[Result "1-0"]
[WhiteElo "2355"]
[BlackElo "2309"]
[PlyCount "95"]
[EventDate "2016.01.15"]
[EventType "schev"]
[EventRounds "5"]
[EventCountry "CAN"]

1. e4 g6 2. d4 Bg7 3. Nc3 d6 4. Be3 c6 5. Nf3 b5 6. Qd2 a6 7. h3 Qc7 8. Bd3 Nd7
9. O-O Bb7 10. a4 h6 11. axb5 cxb5 12. Ne2 Ngf6 13. Ng3 Rc8 14. Rfc1 h5 15. c4
b4 16. c5 dxc5 17. e5 Nd5 18. e6 Nxe3 19. exd7+ Qxd7 20. Qxe3 Bxf3 21. Qxf3
Bxd4 22. Rc2 h4 23. Ne4 O-O 24. Bc4 Qf5 25. Qxf5 gxf5 26. Ng5 Rc6 27. Nf3 Bf6
28. Rxa6 Rfc8 29. b3 e6 30. Rxc6 Rxc6 31. Bb5 Rc8 32. Rc4 Kg7 33. Nxh4 Rb8 34.
Ba4 Rd8 35. g3 Rd1+ 36. Kg2 Be7 37. Nf3 Kf6 38. Rc2 Rd3 39. h4 Bf8 40. Ne1 Rd1
41. Kf1 Ra1 42. Ke2 f4 43. gxf4 Bd6 44. Nd3 Rh1 45. Nxc5 Bxf4 46. Rc4 Kf5 47.
Nd3 e5 48. Bd7+ 1-0

[Event "Victoria op Scheveningen"]
[Site "Victoria CAN"]
[Date "2016.01.15"]
[Round "1.3"]
[White "Doknjas, John"]
[Black "Wu, Howard"]
[Result "1-0"]
[WhiteElo "2274"]
[BlackElo "2229"]
[PlyCount "123"]
[EventDate "2016.01.15"]
[EventType "schev"]
[EventRounds "5"]
[EventCountry "CAN"]

1. d4 d5 2. c4 e6 3. Nc3 Nf6 4. cxd5 exd5 5. Bg5 Be7 6. e3 c6 7. Bd3 O-O 8. Qc2
Re8 9. Nge2 Ne4 10. Bxe7 Qxe7 11. Bxe4 dxe4 12. Ng3 f5 13. O-O Be6 14. f3 Qg5
15. Rae1 exf3 16. Rxf3 Rf8 17. e4 f4 18. Ref1 Bg4 19. R3f2 Nd7 20. Qd2 Be6 21.
Rxf4 Rf6 22. R4f2 Qh4 23. Rxf6 Nxf6 24. Qf4 Qxf4 25. Rxf4 b5 26. b3 a5 27. e5
Nd5 28. Nxd5 Bxd5 29. Nf5 Ra7 30. Ne3 Be6 31. Rf2 Rd7 32. Rc2 Rxd4 33. Rxc6 Kf7
34. Rc5 Rd3 35. Nf1 a4 36. Rxb5 axb3 37. axb3 Bxb3 38. Kf2 Bc4 39. Rc5 Be6 40.
Ne3 h6 41. Kf3 Rd4 42. g3 Ra4 43. Rc7+ Kf8 44. Rc5 Rd4 45. h4 h5 46. Ra5 Kf7
47. Rb5 Kf8 48. Rb6 Kf7 49. Rd6 Ra4 50. Nc2 Bg4+ 51. Ke3 Ra2 52. Nd4 Ra1 53.
Kf4 Ra4 54. Kg5 Ra3 55. e6+ Ke8 56. Nc6 Ra8 57. Kg6 Bf3 58. Kxg7 Bg4 59. Kf6
Rc8 60. Rd8+ Rxd8 61. Nxd8 Bf3 62. Nf7 1-0

[Event "Victoria op Scheveningen"]
[Site "Victoria CAN"]
[Date "2016.01.15"]
[Round "1.4"]
[White "Moore, Harry"]
[Black "Doknjas, Joshua"]
[Result "1/2-1/2"]
[WhiteElo "2206"]
[BlackElo "2198"]
[PlyCount "150"]
[EventDate "2016.01.15"]
[EventType "schev"]
[EventRounds "5"]
[EventCountry "CAN"]

1. d4 d5 2. c4 c6 3. Nf3 Nf6 4. Nc3 dxc4 5. a4 Bf5 6. e3 e6 7. Bxc4 Bb4 8. O-O
O-O 9. Qe2 Bg4 10. Rd1 Nbd7 11. e4 Qe7 12. e5 Nd5 13. Nxd5 cxd5 14. Bd3 Rac8
15. Qe3 Bh5 16. Ng5 h6 17. Nf3 Nb8 18. Rf1 Nc6 19. Ne1 Bxe1 20. Qxe1 Nxd4 21.
Be3 Nc6 22. Bd2 Qc7 23. f4 Bg6 24. Bxg6 fxg6 25. Qg3 Kh7 26. Be3 Qa5 27. Qg4 d4
28. Bf2 Rf5 29. b4 Qxb4 30. Rab1 Qe7 31. Bg3 Nb4 32. Rfd1 Nc6 33. Rb3 Rcf8 34.
Qe2 h5 35. Qe1 R5f7 36. Bh4 Qc5 37. Bg5 Qc4 38. Rh3 Rxf4 39. Bxf4 Rxf4 40. Rb1
b6 41. Qd2 Re4 42. Qg5 Rxe5 43. Qg3 Re3 44. Qh4 Rxh3 45. Qxh3 Qd5 46. Rd1 e5
47. Rc1 d3 48. Qe3 Qd4 49. Kf2 Qh4+ 50. Kg1 Qd4 51. Kf2 Qxa4 52. g3 Qa2+ 53.
Kg1 Nd4 54. Rd1 Qe2 55. Rxd3 Qxe3+ 56. Rxe3 Kg8 57. Kf2 Nc6 58. Rc3 Ne7 59. Rc7
Kf7 60. Rxa7 Kf6 61. Rb7 Nd5 62. Rd7 Ke6 63. Rxg7 Ne7 64. Rh7 b5 65. Rh8 b4 66.
Rb8 Nd5 67. Ke2 e4 68. Re8+ Kf5 69. Kd2 Nf6 70. Rb8 Nd5 71. Re8 g5 72. h3 h4
73. gxh4 gxh4 74. Rh8 Kg5 75. Rg8+ Kh5 1/2-1/2

[Event "Victoria op Scheveningen"]
[Site "Victoria CAN"]
[Date "2016.01.15"]
[Round "1.5"]
[White "Patterson, Roger"]
[Black "Kenney, Jason"]
[Result "1/2-1/2"]
[WhiteElo "2149"]
[BlackElo "2192"]
[PlyCount "83"]
[EventDate "2016.01.15"]
[EventType "schev"]
[EventRounds "5"]
[EventCountry "CAN"]

1. e4 c5 2. Nf3 e6 3. d4 cxd4 4. Nxd4 Nc6 5. Nc3 Qc7 6. Be2 Nf6 7. O-O Be7 8.
Be3 O-O 9. f4 d6 10. Qe1 Nxd4 11. Bxd4 b6 12. Qg3 Bb7 13. e5 dxe5 14. Bxe5 Qc8
15. Bd3 g6 16. Rae1 Nh5 17. Qh3 Bc5+ 18. Kh1 f6 19. f5 exf5 20. Bf4 Re8 21. Bd2
Rxe1 22. Bxe1 Qe8 23. Bc4+ Kh8 24. Bd2 Rd8 25. Re1 Qf8 26. Bc1 Re8 27. Rd1 Qd6
28. Qh4 Qe5 29. Be2 Be3 30. Bxe3 Qxe3 31. Bxh5 gxh5 32. Qxf6+ Kg8 33. Qxf5 Rf8
34. Qxh5 Rf2 35. Rd8+ Kg7 36. Qg4+ Kf6 37. Rf8+ Ke7 38. Qg7+ Kd6 39. Rd8+ Ke6
40. Re8+ Kd6 41. Rd8+ Ke6 42. Re8+ 1/2-1/2

[Event "Victoria op Scheveningen"]
[Site "Victoria CAN"]
[Date "2016.01.16"]
[Round "2.1"]
[White "Gansvind, Valeriya"]
[Black "Sohal, Tanraj"]
[Result "1/2-1/2"]
[WhiteElo "2309"]
[BlackElo "2358"]
[PlyCount "81"]
[EventDate "2016.01.15"]
[EventType "schev"]
[EventRounds "5"]
[EventCountry "CAN"]

1. d4 Nf6 2. Nf3 d5 3. Bf4 e6 4. c3 c5 5. e3 Nc6 6. h3 Bd6 7. dxc5 Bxc5 8. Nbd2
h6 9. b4 Bd6 10. b5 Na5 11. Qa4 b6 12. Bxd6 Qxd6 13. Qb4 Nb7 14. Be2 Nc5 15.
O-O O-O 16. Rfd1 Qc7 17. Rac1 Bb7 18. c4 Rfd8 19. Qb2 dxc4 20. Nxc4 Rac8 21.
Qe5 Qxe5 22. Nfxe5 Nd5 23. Bf3 Na4 24. Rd4 Nb2 25. Re1 Nxc4 26. Nxc4 Ba8 27.
Red1 Rf8 28. R1d2 Nc3 29. Bxa8 Rxa8 30. Nd6 Rfd8 31. R4d3 Nd5 32. Nc4 Rdc8 33.
Ne5 a6 34. Rb3 axb5 35. Rxb5 Ra5 36. Rxa5 bxa5 37. e4 Nf6 38. f3 Kf8 39. Kf2
Rc5 40. Nd3 Rb5 41. Ke3 1/2-1/2